[Event "E Women's World Championship 2015"]
[Site "FIDE"]
[Date "2015.04.03"]
[Round "47.1"]
[White "Muzychuk, Mariya"]
[Black "Pogonina, Natalija"]
[Result "1-0"]
[WhiteElo "2526"]
[BlackElo "2456"]
[EventDate "2015.??.??"]
[Annotator "Bojkov,Dejan"]
[PlyCount "115"]
[Beauty "6533719015946"]
[EventType "game"]
[EventCountry "FID"]
[WhiteClock "0:06:53"]
[BlackClock "0:01:49"]

{[Annotations by GM Dejan Bojkov]} 
1.e4 e5 2.Nf3 Nc6 3.Bb5 {A surprise! The king of all openings paid a visit to Sochi. The Ruy Lopez was always an opening of the world championship matches. According to my database, Muzychuk has played a total of five games in the Ruy Lopez. In general she has a preference for the Scotch or the Italian game.} 3...a6 4.Ba4 Nf6 5.O-O b5 6.Bb3 Be7 {A counter-surprise in return! Pogonina came very well prepared for the championship, determined to show her best chess at home soil. Previously she had almost exclusively opted for the line with} ( 6...Bb7 {One recent example is from the Olympiad in Tromso:} 7.d3 Be7 8.a3 O-O 9.Nc3 d6 10.Re1 Nb8 $5 11.Ne2 c5 12.Ng3 Nc6 13.Nf5 Bc8 14.Nxe7+ Qxe7 {Gara,T (2321)-Pogonina, N (2479) Tromso 2014} ) 7.Re1 d6 8.c3 O-O 9.h3 Nb8 {The Breyer is a brand new line for both players.} 10.d4 Nbd7 11.a4 {A relatively rare line. Albeit a typical move in the Spanish, here it is not very effective as the black bishop was heading to b7 anyway.} ( 11.Nbd2 {is the most common continuation.} ) 11...Bb7 12.Nbd2 c5 {Pogonina is once again showing good prep and follows the main line.} ( {Also good is} 12...Rb8 13.axb5 axb5 14.d5 c6 15.dxc6 Bxc6 16.Bc2 Qc7 17.Nf1 b4 {Astaneh Lopez,A (2398)-Mamedyarov,S (2729) Istanbul 2012} ) 13.d5 c4 14.Bc2 Nc5 15.Nf1 Re8 16.Ng3 g6 17.Be3 Qc7 {Both players did the mandatory moves. Black did better though and equalized comfortably.} 18.Nd2 ( {Or:} 18.Nh2 h5 19.Nf3 Reb8 20.Qe2 Bc8 21.Ra2 Bd7 22.axb5 axb5 23.Rea1 Rxa2 24.Rxa2 Qc8 25.Qd1 {1/2-1/2 (25) Matlakov,M (2487)-Khruschiov, A (2498) St Petersburg 2009} ) 18...Bf8 19.Qe2 Nfd7 $1 {Pogonina is consistently looking for play on the queenside.} 20.f3 {The actual novelty. All of this has been seen in a total of eleven games and White always continued with} ( 20.Ra3 {with the idea of doubling the rooks before opening the a-file. Black can now force her opponent to make a decision with the move} 20...Nb6 {and after} 21.axb5 axb5 {will be followed by liquidation of the rooks along the a file and possible draw} 22.Rea1 Rxa3 23.Rxa3 Ra8 ( 23...Bc8 {is more fightful} 24.Qd1 Bd7 25.Qa1 Nba4 {Fleischanderl,F (2496)-Mrkvicka,J (2469) corr. 2002} ) ) 20...Nb6 21.a5 {Muzychuk closes the queenside and wants to concentrate on the other wing where she is stonger by definition. The problem with this approach is that the pawn on a5 might be vulnerable later.} 21...Nbd7 22.Nh1 $1 {White needs the g-pawn for the attack. The other advance fails tactically:} ( 22.f4 $2 exf4 23.Bxf4 Bxd5 ) 22...Be7 23.g4 Qd8 $1 {Good understanding of the position. Pogonina fights for the dark squares.} 24.Qf2 Bh4 $6 {Somewhat too sophisticated to my taste.} ( 24...Bg5 {at once in order to swap off the bishops was very comfortable for Black. After} 25.Ng3 Bf4 {is good followed by Qd8-h4.} ( {or also} 25...Bxe3 26.Rxe3 Qh4 ) ) 25.Ng3 Rc8 26.Kg2 {White's game is easier as she basically has only one plan: to carry out the f3-f4 advance.} 26...Nf8 27.Rf1 Bg5 28.f4 exf4 29.Bxf4 {With the disappearence of the pawn pair some important things happened: 1) The f-file is now opened for the white pieces and White can exert pressure on it. 2) The d4-square is available for the white knights. 3) The e5-square is a wonderful outpost for the black knights. 4) The typical knight sacrifice Ng3-f5 gained in strength thanks to the extra space White has. All in all the transformations are favorable for White and Muzychuk's game is much easier. Furthermore, she got an attacking position, her most beloved thing. Did you know that people already name her Miss Tactics in Sochi?} 29...Rc7 {Overprotects f7.} ( {Or} 29...Bxf4 30.Qxf4 Rc7 ( 30...Re7 31.h4 ) 31.Rf2 {followed by Ra1-f1 and Qf4-h6.} ( 31.Qh6 $5 ) ) 30.Bxg5 Qxg5 31.Nf3 Qe7 ( {Perhaps Black should have plunged in with} 31...Qf4 32.Qd4 Nfd7 {as none of the discovered attacks is particularly dangerous. But who can really play with a queen that exposed?} ) 32.Nd4 Qe5 {Pogonina decided to move away from the dangerous Ng3 (d4)-f5 threat. However, the precise calculation of the line} ( 32...Nfd7 $5 {(to bring the knight to e5)} 33.Ngf5 gxf5 34.Nxf5 Qf6 35.Nh6+ {reveals that Black is not forced to get checkmated after} 35...Qxh6 $2 ( {But can choose instead} 35...Kg7 $1 36.Qxf6+ Nxf6 37.Nf5+ Kf8 38.Nxd6 Nfxe4 {and if anyone is better here it is definitely not White!} ) 36.Qxf7+ Kh8 37.Qxe8+ ) ( {On the other hand after} 32...Ncd7 {the sacrifice seem to lead to a very powerful attack after} 33.Ngf5 gxf5 34.Nxf5 Qf6 35.Qd2 $3 Kh8 36.Nh6 Qe7 37.Rxf7 ( 37.Nxf7+ Kg8 38.Nh6+ ) 37...Qd8 {with a nice choice-} 38.Nf5 ( 38.Qf4 ) ( 38.Raf1 ) ) 33.h4 h6 {This weakening might be a bit too much although it is not easy at all to sit and wait while your opponent is improving the position. At this stage of the game both the players had very little time left.} 34.Qd2 Bc8 {Black hardly has any good defense.} ( 34...Kh7 35.h5 $1 {is devastating.} ) ( 34...Kg7 $2 {loses on the spot after} 35.Ngf5+ $1 gxf5 36.Rxf5 $1 Qe7 37.Rh5 ) ( {Perhaps} 34...Qg7 {is the lesser evil which will be similar to the game continuation after} 35.Qf4 ) 35.Nc6 ( {There was nothing wrong with} 35.Qxh6 Bxg4 36.Rf4 Bc8 37.h5 {with a strong attack.} ) 35...Qg7 36.Qf4 Rd7 37.Rf2 Bb7 38.Nd4 Re5 39.Nf3 Re8 40.g5 h5 41.Nd4 {The time trouble is over and Muzychuk continues to mount pressure.} 41...Qe5 42.Qd2 Rc7 43.Raf1 Ree7 44.Rf6 {The queen is in danger, the threat being Nd4-f3 to trap it.} 44...Red7 45.R6f4 b4 {Pogonina decided that the moment for counterplay has come, but Muzychuk's position is rock solid.} 46.Nf3 ( 46.cxb4 Nd3 {was Black's idea, although the complications should nevertheless favor White after} 47.Nge2 Nxf4+ 48.Qxf4 $1 Qxf4 49.Rxf4 Rd8 50.Ba4 $1 {with the intention to shoot the knight on its way to e5.} ) 46...Qg7 ( {Or else Black loses the exchange after} 46...bxc3 47.Nxe5 cxd2 48.Nxd7 Nfxd7 49.Rxf7 ) 47.cxb4 Nd3 48.Rf6 {Muzychuk sacrifices the exchange to keep the situation under control, but there was no need of doing this.} ( {It seems as both players missed that the counterplay can be stopped by the neat} 48.Bxd3 cxd3 49.Ne1 $1 ) 48...Nh7 49.Nd4 Nxf6 50.gxf6 Qf8 51.Ba4 {The culmination of the game.} ( {White is better after} 51.Bxd3 cxd3 52.Qxd3 {although the black rooks will start working now on the c-file.} ) ( {But much stronger was} 51.Nxh5 $1 {with the possible line} 51...gxh5 52.Bxd3 cxd3 53.Rf5 {and wins.} ) 51...Ne5 $2 {Now it is all over. White will have it all: the mating attack and the material advantage.} ( {For good or for bad Pogonina had to keep the exchange and hope for the best after} 51...Rd8 52.Nxh5 $1 Rb8 53.Ng3 {although I doubt that this is survivable.} ) 52.Bxd7 Rxd7 53.Nf3 ( 53.Nxh5 {at once works as well:} 53...gxh5 54.Qg5+ Ng6 55.Qxh5 {followed by Qh5-g4 and h4-h5 but there is no need to sacrifice a piece in this match situation.} ) 53...Ng4 54.Nxh5 $1 {Muzychuk finally made it to her opponent's king.} 54...gxh5 55.Qg5+ Kh8 56.Qxh5+ Nh6 ( 56...Qh6 57.Qxg4 ) 57.Kh2 Qg8 58.Rg1 {Mariya Muzychuk is just a point away from the title!} 1-0

[Event "E Grand Prix"]
[Site "Khanty Mansiysk"]
[Date "2015.05.15"]
[Round "2.5"]
[White "Tomashevsky, Evgeny"]
[Black "Grischuk, Alexander"]
[Result "1/2-1/2"]
[WhiteElo "2749"]
[BlackElo "2780"]
[EventDate "2015.??.??"]
[Annotator "Bojkov,Dejan"]
[PlyCount "147"]
[Beauty "4538211790418"]
[EventType "team-tourn"]
[EventCountry "FID"]
[WhiteClock "0:03:00"]
[BlackClock "0:11:03"]

{[Annotations by GM Dejan Bojkov]} 
1.d4 Nf6 2.c4 g6 3.Nc3 Bg7 4.e4 d6 5.Nf3 O-O 6.h3 {Bagirov's line is Tomashevsky's beloved weapon against the KID.} 6...e5 7.d5 Nh5 8.g3 {Tomashevsky's pet move. He is the guiding force behind the whole line and the creator of the theory here.} ( 8.Nh2 {is considered to be the main line.} ) 8...Qe7 {Quite an unusual move by Grischuk that forced his opponent into some thought. However, I doubt that it will attract any followers.} ( {If you have missed the March issue of The Master's Bulletin, then you missed a lot! GM Abhijeet Gupta annotated extensively the topical theory after} 8...f5 9.exf5 gxf5 10.Nh4 Nf4 ( 10...Nf6 {is the other option.} ) 11.Bd2 Qe7 12.Qc2 Na6 13.a3 Bd7 14.O-O-O {Tomashevsky,E (2716)-Kasimdzhanov,R (2705) Tbilisi GEO 2015} ) ( {The other main move is also covered there} 8...a5 9.Be2 Na6 10.Nh2 Nf6 11.Ng4 {Ipatov,A (2592)-Bacrot,E (2711) Jerusalem ISR 2015} ) 9.Nh2 Na6 {This is a novelty.} ( {The only predecessor saw the illogical} 9...Nf6 10.Bg5 h6 11.Be3 Kh7 {Stromer,A (2272)-Bremond,E (2300) Etang Sale 2001} ) 10.Be3 {Tomashevsky proceeds with development.} ( 10.Be2 Nf6 {looks less convincing.} ) 10...Nc5 11.h4 $1 {White's idea is to gain space on the kingside and to basically kill any counterplay there. A very mean strategy!} ( 11.Be2 {leads White nowhere after} 11...Nf6 12.f3 Nh5 $1 ) 11...a5 12.Be2 Nf6 13.Qc2 c6 14.g4 {This is the position that White was heading for. He is now better on both flanks. In comparison to some lines of the Averbakh system Black did not have time to push the b-pawn, or at least bring his queen on a5.} 14...Na6 ( {If} 14...cxd5 {White can simply recapture} 15.cxd5 ( {but there is an even more decent option} 15.Bxc5 $1 dxc5 16.g5 Ne8 17.Nxd5 {followed by Be2-g4 and total domination.} ) ) ( 14...Bd7 15.g5 Ne8 16.h5 {is also great for White.} ) 15.g5 Ne8 ( 15...Nd7 16.h5 ) 16.h5 Nb4 17.Qd2 cxd5 18.cxd5 Bd7 19.O-O-O {White finished his development and intends to strengthen the position with Kc1-b1, doubling the rooks along the c file and of course, trade of the light-squared bishops via b5 whenever possible.} 19...f5 {Grischuk tries to counter attack.} 20.Kb1 b5 ( 20...f4 21.Bb6 {would leave Black completely paralized.} ) 21.hxg6 {White completely ignores the opponent's provocations on the other wing.} ( {Instead} 21.Bxb5 $2 Bxb5 22.Nxb5 f4 23.Bb6 Qb7 {would drop a piece for White.} ) ( {And} 21.Nxb5 $6 Rb8 22.Nc3 f4 {would work well for Black as well.} ) 21...hxg6 22.f3 Nc7 23.Rc1 {The kingside is stable, it is time to take care of his "own" one.} 23...Nba6 24.Bd3 b4 25.Ne2 Nb5 {Grischuk needed one more more to play Rf8-c8 and things would not be that clear but...} 26.Rc6 $1 {Splendid!} 26...Rfb8 ( {The rook is not delicious} 26...Bxc6 27.dxc6 Nbc7 28.Bc4+ Ne6 {would lead to a completely helpless position for Black, e.g.} 29.Rd1 {(not the only winnning move)} 29...Kh8 ( 29...Rfd8 30.Bb6 ) 30.Qxd6 Qxd6 31.Rxd6 {and White wins.} ) 27.Rhc1 f4 ( 27...Bxc6 28.dxc6 d5 29.exf5 {is again bad for Black.} ) 28.Bf2 Bf8 ( 28...Qxg5 29.Bxb5 Rxb5 30.Rxd6 ) 29.Ng4 {The game is practically over. However, at the stage appears his Majesty, the Time-Trouble.} 29...Qxg5 30.Rh1 Qe7 ( {Please note that the rook is always poisoned due to the weakness of the light squares} 30...Bxc6 31.dxc6 Be7 32.Bc4+ Kg7 33.Qd5 {and in order to save the checkmate Black will have to give up the knight on b5.} ) 31.Bxb5 Rxb5 32.Nxf4 $1 {So far so good. Tomashevsky accurately calculated the win.} 32...Bxg4 ( {The choice is decisive attack for White after} 32...exf4 33.Bd4 Bg7 34.Nh6+ Kf8 ( 34...Bxh6 35.Rxh6 ) 35.Qxf4+ Ke8 36.Bxg7 Qxg7 37.Qxd6 ) 33.Nxg6 Qf6 34.Nxf8 Rxf8 35.Rg1 {With seconds on the clock White plays it safe.} ( {A more spectacular win would have been} 35.Rxd6 Qxd6 36.Qg5+ Kf7 37.Rh7+ Ke8 38.Qxg4 Rb8 39.Qh5+ Kd8 40.Bh4+ Kc8 41.Qg4+ ) 35...Qxf3 36.Qg5+ Kf7 37.Rxg4 Ke8 ( 37...Qxf2 38.Qg7+ Ke8 39.Rc8# ) 38.Qg6+ Qf7 {Two more moves and the time trouble will be over. Almost everything wins for White. Tomashevsky feverishly calculates the capture on d6 but at the last moment looks at the clock and realizes that there are only four seconds left. He grabs the first available piece instead...} 39.Qxf7+ {...which also wins, but not as quickly.} ( 39.Qxd6 {is forced mate in ten instead:} 39...Rb8 ( 39...Qxf2 40.Rc8+ Kf7 41.Rxf8# ) 40.Rxa6 Rc8 41.Qxe5+ Qe7 42.Re6 {etc.} ) 39...Rxf7 40.Be3 $4 {If the previous move had thrown away the mate, this one throws away the win!} ( {One more check would have done the job:} 40.Rg8+ Kd7 41.Rxa6 {as the knight is invincible} 41...Rxf2 42.Ra7+ Rb7 43.Rxb7# ) 40...Nc5 $2 {And Grischuk returns the favour! Needless to say, he was also in time trouble.} ( 40...Rf1+ $1 {would be a draw instead} 41.Rc1 {Best or else Black might get better.} ( 41.Bc1 $2 Rc5 {is very good for Black.} ) ( 41.Kc2 {fails to} 41...b3+ 42.axb3 $2 Nb4+ ) 41...Rxc1+ 42.Bxc1 b3 ) 41.Rg8+ {The time trouble is over, both players have time to take breath and reassess the situation. Tomashevsky is still winning, but miracles are not yet over...} 41...Kd7 42.Ra8 Rb7 43.Bxc5 ( 43.Bg5 $1 {would have been better! The only way to stop the checkmate is} 43...Rf1+ 44.Kc2 Rf2+ 45.Kd1 Ne6 {when White wins a piece and the game after} 46.dxe6+ Kxc6 47.e7 Rxe7 48.Bxe7 Rxb2 49.Rxa5 b3 50.a3 $1 ) 43...dxc5 44.Rxc5 {The wrong pawn!} ( 44.Rxa5 $1 {was still good enough for the full point as} 44...Rf4 45.Rh6 $1 {leaves Black no time to capture the pawn} 45...Rxe4 46.Rh7+ Kc8 47.Ra8+ Rb8 48.Rh8+ ) 44...Rf1+ 45.Rc1 Rxc1+ 46.Kxc1 b3 $1 {Grischuk creates counterplay! We all know that "rook endgames are always drawn."} 47.a3 Rc7+ 48.Kd2 Rc2+ 49.Kd3 Rxb2 50.Rxa5 Rh2 51.Rb5 Rh3+ 52.Kd2 Kd6 $1 {Black activated all his pieces and managed to hold the draw later.} 53.a4 Rh2+ 54.Kc3 Rh3+ 55.Kd2 ( 55.Kb2 Re3 56.Rb4 Kc5 ) 55...Rh2+ 56.Kc3 Rh3+ 57.Kc4 Re3 58.Rb6+ Kc7 59.Rxb3 Rxe4+ 60.Kc5 Rxa4 61.d6+ Kd7 62.Rb7+ Ke6 63.Re7+ Kf5 64.d7 Rd4 65.Kc6 e4 66.Re8 Kf4 67.d8=Q Rxd8 68.Rxd8 e3 69.Kd5 e2 70.Re8 Kf3 71.Kd4 Kf2 72.Kd3 e1=Q 73.Rxe1 Kxe1 74.Kd4 {A delightful conclusion - the top grandmasters are human beings too!} 1/2-1/2